01204nam a2200277 i 4500003000900000005001700009007000300026008004100029040003000070082001300100110003200113240001700145245024800162264005700410300002600467336002700493337003300520338002800553500005300581500009600634590002700730910001400757942001400771952012400785999001700909DO-SdBNP20230926152451.0ta140217s200- dr 000 0 spa d aDO-SdBNPbspacBNPHUerda bR426222 aRepública Dominicana944710a[leyes,etc.]10aLey No. 57-07, sobre incentivo al desarrollo de fuentes renovables de energía y de sus regímenes especiales :breglamento de la ley 57-07, sobre incentivo al desarrollo de fuentes renovables de energía y de sus regímenes especiales / 1aSanto Domingo :b[editor no identificado], c[2007]. a199 páginasc21 cm. 2rdacontentatextobtxt 2rdamediaasin mediaciónbn 2rdacarrieravolumenbnc aLey No. 57-07, Promulgada el 7 de mayo del 2007. aReglamento, según decreto No. 202-08 que aprueba reglamento de aplicación de esta ley.  aInventariado, 2023/ YL aYLockward 2ddccLBS1 00102ddc51708PDaBNPHUbBNPHUcCTd2022-05-19eUbi Rivasl0oBNPHU PD R426p2023-6438r2023-09-26w2023-09-26yLBS1 c54954d54954